[Event "TUR-chT2"]
[Site "Konya"]
[Date "2018.07.14"]
[Round "8.14"]
[White "Isik, Zeynep"]
[Black "Cankurtaran, Merve"]
[Result "0-1"]
[WhiteElo "1166"]
[BlackElo "1393"]
[PlyCount "123"]
[EventDate "2018.07.10"]
[EventType "team-swiss"]
[EventRounds "9"]
[EventCountry "TUR"]
[SourceTitle "EXT 2019"]
[Source "ChessBase"]
[SourceDate "2018.10.10"]
[SourceVersion "1"]
[SourceVersionDate "2018.10.10"]
[SourceQuality "1"]
[WhiteTeam "Istanbul Kartal Belediye"]
[BlackTeam "Antalya Deniz Genclik"]
[WhiteTeamCountry "TUR"]
[BlackTeamCountry "TUR"]

1. e4 c5 2. c3 Nf6 3. d3 e6 4. Nf3 d6 5. Be2 Nc6 6. Nbd2 Qc7 7. Nf1 d5 8. exd5 exd5 9. Ng3 Bd6 10. 0-0 h6 11. d4 c4 12. b3 b5 13. a4 Na5 14. bxc4 bxc4 15. Re1 0-0 16. Ba3 Nb3 17. Bxd6 Qxd6 18. Ra2 Bd7 19. Ne5 Rab8 20. Nxd7 Qxd7 21. Bf3 Rfe8 22. Nh5 Nxh5 23. Bxh5 Rxe1+ 24. Qxe1 Re8 25. Qd1 Qf5 26. h3 Qd3 27. Qxd3 cxd3 28. Kh2 Re1 29. Rb2 Nc1 30. Rd2 Kf8 31. Bf3 Ke7 32. Bxd5 Re2 33. Rd1 Rc2 34. Bf3 d2 35. Kg1 Na2 36. Kh2 Nxc3 37. Rg1 Rc1 38. Bg4 Rxg1 39. Kxg1 d1Q+ 40. Bxd1 Nxd1 41. Kf1 Nc3 42. a5 Nb5 43. Ke2 Nxd4+ 44. Kd3 Nc6 45. Kc4 Nxa5+ 46. Kb5 Nb3 47. Ka6 Nc1 48. Kxa7 Nd3 49. Kb6 Nxf2 50. Kc5 Nd3+ 51. Kd4 Nf4 52. Ke4 Nxg2 53. Kf3 Nh4+ 54. Kg4 Ng6 55. Kf3 Kf6 56. Kg4 Nf8 57. h4 h5+ 58. Kxh5 Ne6 59. Kg4 Kg6 60. Kf3 f5 61. Kg3 Kh5 62. Kf3 0-1

[Event "TUR-ch (Women)"]
[Site "Antalya"]
[Date "2018.03.09"]
[Round "7"]
[White "Ince, Fatma Ovgum"]
[Black "Cankurtaran, Merve"]
[Result "0-1"]
[WhiteElo "1060"]
[BlackElo "1345"]
[PlyCount "80"]
[EventDate "2018.03.05"]
[EventType "swiss"]
[EventRounds "9"]
[EventCountry "TUR"]
[SourceTitle "CBM 183 Extra"]
[Source "ChessBase"]
[SourceDate "2018.04.19"]
[SourceVersion "1"]
[SourceVersionDate "2018.04.19"]
[SourceQuality "1"]

1. e4 c5 2. d4 cxd4 3. c3 dxc3 4. Nxc3 Nc6 5. Nf3 e6 6. Bc4 a6 7. 0-0 b5 8. Bb3 Bb7 9. h3 Nge7 10. e5 Ng6 11. Qe2 Qc7 12. Re1 Na5 13. Bc2 Bxf3 14. Qxf3 Rc8 15. Bxg6 hxg6 16. Bf4 Qb7 17. Qd3 Be7 18. a4 Nb3 19. Ra2 Nc5 20. Qe2 b4 21. Ne4 Nxe4 22. Qxe4 Qxe4 23. Rxe4 Rc2 24. a5 b3 25. Raa4 Rxb2 26. Rac4 0-0 27. Bc1 Rb1 28. Re2 Ba3 29. Re1 b2 30. Bd2 Rxe1+ 31. Bxe1 b1Q 32. Kf1 Qb5 33. Kg1 Qxc4 34. Bd2 Qe2 35. Be3 Bb2 36. Bc5 Bxe5 37. g3 Rc8 38. Ba3 Rc2 39. Bb4 Qxf2+ 40. Kh1 Qh2# 0-1

[Event "TUR-ch (Women)"]
[Site "Antalya"]
[Date "2018.03.07"]
[Round "5"]
[White "Kara, Gulce Nehir"]
[Black "Cankurtaran, Merve"]
[Result "1-0"]
[WhiteElo "1650"]
[BlackElo "1345"]
[PlyCount "93"]
[EventDate "2018.03.05"]
[EventType "swiss"]
[EventRounds "9"]
[EventCountry "TUR"]
[SourceTitle "CBM 183 Extra"]
[Source "ChessBase"]
[SourceDate "2018.04.19"]
[SourceVersion "1"]
[SourceVersionDate "2018.04.19"]
[SourceQuality "1"]

1. e4 c5 2. Nf3 Nc6 3. d4 cxd4 4. Nxd4 Nf6 5. Nc3 e6 6. a3 a6 7. Be2 Be7 8. 0-0 h6 9. Kh1 Qc7 10. f4 Nxd4 11. Qxd4 Bc5 12. Qd3 b6 13. e5 Ng8 14. Qg3 Bf8 15. Ne4 Qxc2 16. Bf3 Rb8 17. f5 Rh7 18. Nd2 exf5 19. e6 dxe6 20. Qxb8 Ne7 21. Qxb6 f6 22. Bd1 Qd3 23. Rf3 Qd7 24. Bb3 g5 25. Re3 Nd5 26. Bxd5 Qxd5 27. Qb3 Qc6 28. Qc3 Qxc3 29. Rxc3 Kd8 30. Nb3 Rd7 31. Be3 Bb7 32. Nd4 Rd6 33. Nb3 f4 34. Bc5 Rd5 35. Bxf8 h5 36. Nc5 Ba8 37. Nxe6+ Kd7 38. Nc7 Rd4 39. Nxa8 Ke8 40. Rc8+ Kf7 41. Re1 Kg6 42. Bc5 Rd2 43. Rg8+ Kf5 44. Nc7 g4 45. Ne8 f3 46. Nd6+ Kf4 47. g3# 1-0